Detalles MARC
| 000 -CABECERA |
| campo de control de longitud fija |
01620nam a22002537i 4500 |
| 003 - IDENTIFICADOR DEL NÚMERO DE CONTROL |
| campo de control |
DO-SdBNP |
| 005 - FECHA Y HORA DE LA ÚLTIMA TRANSACCIÓN |
| campo de control |
20231103114227.0 |
| 006 - CÓDIGOS DE INFORMACIÓN DE LONGITUD FIJA--CARACTERÍSTICAS DEL MATERIAL ADICIONAL |
| campo de control de longitud fija |
a||||fr|||| 00| 0 |
| 007 - CAMPO FIJO DE DESCRIPCIÓN FÍSICA--INFORMACIÓN GENERAL |
| campo de control de longitud fija |
ta |
| 008 - DATOS DE LONGITUD FIJA--INFORMACIÓN GENERAL |
| campo de control de longitud fija |
231101e2020 dr ad||| |||| 00| 0 spa d |
| 040 ## - FUENTE DE LA CATALOGACIÓN |
| Centro catalogador/agencia de origen |
DO-SdBNP |
| Lengua de catalogación |
spa |
| Centro/agencia transcriptor |
BNPHU |
| Normas de descripción |
rda |
| 082 #4 - NÚMERO DE LA CLASIFICACIÓN DECIMAL DEWEY |
| Número de edición |
22 |
| Número de documento/Ítem |
C364c |
| 245 13 - MENCIÓN DE TÍTULO |
| Título |
El capital intelectual en las instituciones de educación superior: marco teórico y gestión: |
| Resto del título |
el caso de la universidad Autónoma de Santo Domingo. / |
| Mención de responsabilidad, etc. |
Pablo Castillo |
| 264 ## - PRODUCCIÓN, PUBLICACIÓN, DISTRIBUCIÓN, FABRICACIÓN Y COPYRIGHT |
| Producción, publicación, distribución, fabricación y copyright |
Santo Domingo : |
| Nombre del de productor, editor, distribuidor, fabricante |
[sin editora], |
| Fecha de producción, publicación, distribución, fabricación o copyright |
2020 |
| 300 ## - DESCRIPCIÓN FÍSICA |
| Extensión |
419 páginas : |
| Otras características físicas |
Ilustraciones, gráficas ; |
| Dimensiones |
27 cm. |
| 336 ## - TIPO DE CONTENIDO |
| Fuente |
rdacontent |
| Término de tipo de contenido |
texto |
| Código de tipo de contenido |
txt |
| 337 ## - TIPO DE MEDIO |
| Fuente |
rdamedia |
| Nombre/término del tipo de medio |
sin mediación |
| Código del tipo de medio |
n |
| 338 ## - TIPO DE SOPORTE |
| Fuente |
rdacarrier |
| Nombre/término del tipo de soporte |
volumen |
| Código del tipo de soporte |
nc |
| 500 ## - NOTA GENERAL |
| Nota general |
Incluye bibliografía y notas al pie de páginas. |
| 500 ## - NOTA GENERAL |
| Nota general |
Incluye índices. |
| 505 ## - NOTA DE CONTENIDO CON FORMATO |
| Nota de contenido con formato |
Índice de cuadros.-- Índice de gráficos.-- Índice de tablas.-- Índice de acrónimos.-- |
| Información miscelánea |
Introducción |
| Título |
1. Metodología.-- |
| -- |
2. Marco Teórico y Conceptual.-- |
| -- |
3. La Gestión del Capital Intelectual en las IES.-- |
| -- |
4. La Gestión del Capital Intelectual Estructural.-- |
| -- |
5. El Sistema de Educación Superior de la República Dominicana.-- |
| -- |
6. Informe de Capital Intelectual Estructural de la UASD. Estado de Situación.-- |
| -- |
7. Informe de Capital Intelectual Humano de la UASD. Estado de Situación.-- |
| -- |
8. Informe de Capital Intelectual Relacional de la UASD. Estado de Situación. |
| -- |
Conclusiones.-- |
| -- |
Referencias Bibliográficas.-- |
| -- |
Anexos. |
| -- |
Apéndice A.-- Apéndice B.-- Apéndice C.-- Apéndice D.-- |
| -- |
Formulario de Evaluación profesoral. |
| 590 ## - NOTA LOCAL (RLIN) |
| Nota local |
Inventariado 2023 / MF |
| 942 ## - ELEMENTOS DE PUNTO DE ACCESO ADICIONAL (KOHA) |
| Fuente del sistema de clasificación o colocación |
Dewey Decimal Classification |
| Tipo de ítem Koha |
Libro |